| 000 | 00643nam a22002297a 4500 | ||
|---|---|---|---|
| 003 | OSt | ||
| 005 | 20250930014328.0 | ||
| 008 | 250930b |||||||| |||| 00| 0 eng d | ||
| 020 | _a978-0-07-128560-5. | ||
| 040 |
_aDWCL-Main lib _cOC |
||
| 082 | _2Circ. 650 F383b 2008 | ||
| 100 | _aO. C. Ferrell | ||
| 245 |
_aBusiness : _ba changing world |
||
| 260 |
_aN. Y. : _bMcGraw-Hill/Irwin, _cc2008. |
||
| 300 |
_axxxiv, 586 pages : _bcolored illustration ; _c26 cm. |
||
| 504 | _aIncludes index. | ||
| 650 | _21. Business. | ||
| 650 | _22. Management. | ||
| 700 | _aHirt, Geoffey | ||
| 700 | _aFerrell, Linda | ||
| 942 |
_2ddc _cBK-CIRC _kCirc. _n0 |
||
| 999 |
_c4552 _d4552 |
||